| 000 | 00846cab a2200229 4500 | ||
|---|---|---|---|
| 001 | ABS55733 | ||
| 008 | 090401t1996 xxu||||| |||| 00| 0 eng d | ||
| 035 | _a(Sirsi) u18417 | ||
| 041 | _aeng | ||
| 100 | _aO`Callaghan, D. | ||
| 245 | _aTree preservation: branches of communication | ||
| 260 | _c1996 | ||
| 350 | _a0 | ||
| 490 |
_aPlanning Week _v4(31) 8 August 1996, 12-13(2) |
||
| 520 | _aConsiders what statutory powers and guidance are available to planners and preserve trees under threat on building development sites. Suggests that arboricultural implication studies should be included as part of the planning application procedure. | ||
| 650 | _aARBORICULTURAL IMPLICATION STUDIES | ||
| 650 | _aTREE PRESERVATION ORDERS (TPOs) | ||
| 650 | _aTREES | ||
| 690 | _aPLANNING LAW AND PRACTICE | ||
| 942 | _n0 | ||
| 948 | _c04/03/1997 | ||
| 999 |
_c12238 _d12238 |
||